| 000 | 00731nam a22001937a 4500 | ||
|---|---|---|---|
| 999 |
_c20512 _d20512 |
||
| 003 | AR-CdUCM | ||
| 008 | 190530b ||||| |||| 00| 0 spa d | ||
| 040 |
_aMUNICIPALIDAD PROVINCIAL DEL CUSCO _cBIBLIOTECA MUNICIPAL DEL CUSCO |
||
| 082 |
_a658 / _bF57 |
||
| 100 |
_aFischer Rossi, Konrad _942872 |
||
| 245 | _aCasos en administración de negocios / | ||
| 260 |
_aMéxico : _bMcGraw-Hill, _c1972. |
||
| 300 |
_a434 páginas ; _c27 cm. _bCuadros e ilustraciones. |
||
| 505 | _aContenido: El método -- Los casos -- Finanzas -- Economía -- Mercadotecnia -- Producción -- Problemas humanos -- Política de negocios... | ||
| 650 |
_aNegocios _9825 |
||
| 650 |
_aAdministración _94472 |
||
| 942 |
_2ddc _cLIBROS |
||
| 945 | _aJavier | ||